LEADER 00971nam a2200241 i 4500 001 000000196841 003 CaOOAMICUS 005 20110202000000.0 008 110202s2010 it u000 u ita u 013 $a175525 020 $a978-88-8477-206-0 040 $aSeMil$bita 245 10$aVia crucis con il beato don Carlo Gnocchi. 260 $aSaronno (VA) :$bMonti,$c2010. 300 $a38 p. :$bill. ;$c21 cm. 650 4$aGnocchi, Carlo - Spiritualità.$0(OLS)http://semarc/subject/34079 700 1 $aGnocchi, Carlo .$0(OLS)http://semarc/name/11670 850 $aSeMil 852 $aSeMil$W1$xVenegono$y1$m5B XII 9/40$j147404$B147404$CSeMilBibl$Z2$F158956 $81 961 $aOmaggio: Altro 996 $6020$a978-88-8477-206-0$9(OLS)http://semarc/number/188856 996 $6245$aVia crucis con il beato don Carlo Gnocchi$9(OLS)http://semarc/title/284223 996 $6260$aSaronno (VA) :$bMonti$9(OLS)http://semarc/publisher/29863 LEADER 01198nam a2200241 i 4500 001 000000189635 003 CaOOAMICUS 005 20100513000000.0 008 100513s1967 fr u000 u fre u 013 $a167910 040 $aSeMil$bita 100 1 $aBecker, Aimé.$0(OLS)http://semarc/name/18528 245 10$aDe l'instinct du bonheur a l'extase de la beatitude :$bthéologie et pédagogie du bonheur dans la prédication de Saint Augustin /$cAimé Becker. 260 $aParis :$bLethielleux,$c1967. 300 $a350 p. ;$c25 cm. 650 4$aAgostino, Aurelio - Pensiero teologico.$0(OLS)http://semarc/subject/3256 650 4$aFelicità - Dottrina agostiniana.$0(OLS)http://semarc/subject/35714 650 4$aBeatitudine - Dottrina Agostiniana.$0(OLS)http://semarc/subject/35715 850 $aSeMil 852 $aSeMil$W1$xVenegono$y1$m2T V 198$j140266$B140266$CSeMilBibl$Z2$F151885 $81 961 $aOmaggio: Altro 996 $6245$aDe l'instinct du bonheur a l'extase de la beatitude :$bthéologie et pédagogie du bonheur dans la prédication de Saint Augustin$9(OLS)http://semarc/title/273052 996 $6260$aParis :$bLethielleux$9(OLS)http://semarc/publisher/30156